[Event "Lozovatsky Memorial-A 2019"]
[Site "Chelyabinsk"]
[Date "2019.01.14"]
[Round "3.2"]
[White "Khanin, Semen"]
[Black "Korneev, Oleg"]
[Result "1/2-1/2"]
[WhiteElo "2514"]
[BlackElo "2545"]
[Annotator "TA"]
[PlyCount "136"]
[EventDate "2019.01.12"]
[EventType "tourn"]
[EventCountry "RUS"]
[SourceTitle "playchess.com"]
[Source "ChessBase"]
[SourceQuality "1"]

{[%evp 17,136,25,28,27,27,30,29,26,32,30,33,34,37,41,35,33,50,10,45,37,34,26,34,31,34,38,58,60,70,65,68,72,70,72,71,64,70,70,72,72,71,65,91,99,250,260,264,279,327,307,289,115,99,107,112,89,110,106,104,106,104,88,95,86,86,86,86,88,109,15,19,15,15,0,15,15,15,15,15,8,8,8,8,0,0,0,0,0,0,0,0,0,0,0,0,0,0,0,0,0,0,0,0,0,0,0,8,0,0,0,0,0,0,0,0,0,0,0,0,0,0]} 1. e4 e5 2. Nf3 Nc6 3. Bc4 Bc5 4. O-O Nf6 5. d3 d6 6. c3 a6 7. a4 Ba7 8. Be3 O-O 9. Bxa7 Rxa7 10. Nbd2 {C54: Giuoco Piano: 4 c3 Nf6, main lines with 5 d4 and 5 d3} Ra8 11. Re1 Ne7 12. d4 {White has an edge.} Ng6 13. a5 h6 {[#]} 14. Bf1 $146 ({Predecessor:} 14. Nf1 c6 15. dxe5 dxe5 16. Qxd8 Rxd8 {½-½ (33) Ziska,H (2546)-Stefansson,H (2574) Baku 2016}) 14... Re8 15. g3 Bg4 16. h3 Bxf3 17. Nxf3 (17. Qxf3 {with more complications.} exd4 18. cxd4 Nf8 19. d5 c6 20. dxc6 bxc6 21. Qc3) 17... c6 18. Bg2 Qc7 19. Qc2 Rad8 20. dxe5 Nxe5 21. Nh4 Re6 22. f4 Ned7 23. Nf5 Rde8 24. b4 h5 25. Rad1 g6 26. Nh4 Nf8 27. Kh2 Kg7 28. Re2 c5 29. Qd3 cxb4 30. cxb4 b6 $2 (30... Rc8 $16 {was worth a try.} 31. Qd2 Qc3) 31. Rc2 $18 (31. Qxa6 $6 N8d7) 31... Qb8 32. f5 Re5 {intending ...d5.} 33. fxg6 ({But not} 33. Qxa6 g5 $18) (33. Qxd6 Qxd6 34. Rxd6 bxa5 $16) 33... fxg6 34. Qxd6 $2 (34. Qxa6 $18 {is the precise move to win.} bxa5 35. Rxd6 (35. bxa5 R5e6 $18)) 34... Qxd6 $16 35. Rxd6 bxa5 36. Rc7+ ({Don't play} 36. Rxa6 $6 axb4 37. Rb6 Nxe4 $11) 36... R8e7 {[#]} 37. Rxe7+ $1 {[%mdl 64] Overworked Piece} Rxe7 38. bxa5 Re6 39. e5 N6d7 40. Bd5 Rxe5 {[#]} 41. Nxg6 $1 Nxg6 42. Rxd7+ {[%mdl 4096] Endgame KRB-KRN} Ne7 43. Bf3 (43. Bc4 $16) 43... Kf7 $1 $11 {The position is equal.} 44. Rd6 Rxa5 45. Rh6 Ra2+ 46. Kg1 Ra1+ 47. Kf2 Ra2+ 48. Ke1 Ra1+ 49. Kd2 Ra2+ 50. Kd3 Ra3+ 51. Ke4 Ra4+ 52. Ke5 Ra5+ 53. Kf4 Nd5+ 54. Bxd5+ $1 Rxd5 55. Rxa6 {KR-KR} h4 56. g4 {[%cal Bg3g4,Bg4g5,Bg5g6,Bg6g7][%mdl 32] Hoping for g5.} Rd3 57. Kg5 Rxh3 58. Ra7+ Kf8 59. Kg6 Rh1 60. Ra8+ (60. g5 {seems wilder.} Rg1 61. Rf7+ Kg8 62. Rg7+ Kf8 63. Rf7+) 60... Ke7 61. g5 h3 62. Rb8 Rg1 63. Rh8 Rg3 64. Rh5 Ke6 65. Kg7 Kf5 66. g6+ Kg4 67. Kh6 Kf3 68. g7 Kg2 {Accuracy: White = 74%, Black = 72%.} 1/2-1/2

[Event "Lozovatsky Memorial-A 2019"]
[Site "Chelyabinsk"]
[Date "2019.01.14"]
[Round "3.3"]
[White "Drygalov, Andrey"]
[Black "Bezgodov, Alexei"]
[Result "1/2-1/2"]
[WhiteElo "2485"]
[BlackElo "2441"]
[Annotator "TA"]
[PlyCount "137"]
[EventDate "2019.01.12"]
[EventType "tourn"]
[EventCountry "RUS"]
[SourceTitle "playchess.com"]
[Source "ChessBase"]
[SourceQuality "1"]

{[%evp 19,137,37,33,33,36,31,29,31,35,25,25,16,31,25,30,25,25,25,35,36,61,69,71,71,71,71,71,71,69,70,70,67,61,72,67,67,71,52,64,66,78,80,78,78,78,74,78,78,93,89,129,131,120,61,120,107,142,0,120,0,167,115,115,120,179,171,176,191,173,183,359,353,335,333,293,129,152,110,321,197,225,177,179,143,127,124,116,0,132,0,113,110,114,57,187,183,170,166,161,0,0,0,0,0,118,127,253,0,3,0,781,772,29991,0,0,-32,0,0,0,0]} 1. d4 d5 2. c4 e6 3. Nf3 Nf6 4. Nc3 a6 5. cxd5 exd5 6. Bg5 {D37: Queen's Gambit Declined: 5 Bf4} Be6 7. e3 Nbd7 8. Bd3 Bd6 (8... h6 9. Bf4 g5 10. Bg3 Nh5 11. Be5 Nhf6 12. Bg3 Nh5 13. Qb3 Nxg3 14. hxg3 {½-½ (48) Karjakin,S (2773)-Caruana,F (2822) Saint Louis 2018}) 9. O-O c6 10. Bf4 Qc7 {LiveBook: 18 Games} 11. Bxd6 Qxd6 12. Qc2 O-O 13. h3 Rfe8 {[#]} 14. Rfc1 $146 g6 15. Rab1 Nh5 {[%cal Bf6h5,Bh5g7,Bg7e6][%mdl 32]} 16. Na4 Ng7 17. b4 Bf5 18. Nc5 Bxd3 19. Qxd3 Ra7 20. a4 Ne6 21. Nxd7 Qxd7 22. b5 axb5 23. axb5 f6 24. bxc6 bxc6 25. Rb6 Rc8 26. Qb1 Kg7 27. Qb2 Rac7 28. Rd1 Nd8 29. Ne1 Rb7 30. Nd3 Rcb8 31. Rxb7 Qxb7 32. Qd2 Ne6 33. Rc1 Qb5 34. Qc3 Rb6 {[#]} 35. Qa3 $1 {[%cal Ra3e7]} Kf7 36. Rc3 (36. Qa7+ $16 Rb7 37. Qa8) 36... g5 (36... Qa6 $14) 37. Qa8 Rb7 38. Qa3 Rb6 $1 39. Qa8 Rb7 $1 40. Nc5 (40. g4 $18) 40... Nxc5 $16 41. Rxc5 {[%mdl 4096] Endgame KQR-KQR} Qb1+ (41... Qb6 $16) 42. Kh2 $18 Qb6 43. Qh8 Qc7+ 44. f4 Ke6 $2 (44... Kg6) 45. Qe8+ {[%mdl 64] [#] Double Attack} Kd6 46. fxg5 fxg5 47. e4 (47. Rc2 $18) 47... dxe4 $16 48. Qxe4 Kd7+ $2 (48... Rb5 $16) 49. Re5 {Threatening mate with Qf5+.} Kc8 50. Qf5+ Kb8 51. Qf8+ ({Don't take} 51. Qxg5 Rb4 $16) 51... Ka7 52. Qa3+ Kb8 53. Qf8+ Ka7 54. Qa3+ Kb8 55. g3 Qd8 56. Re2 ({White should try} 56. Re6 $16) 56... Qxd4 (56... h6 $14) 57. Re8+ $18 Kc7 58. Qa5+ {[%mdl 1024] White has strong compensation.} Kd6 59. Qd8+ $2 (59. Re2 $18 {Strongly threatening Rd2.} Rf7 60. Qd8+ Rd7 61. Qxg5) 59... Rd7 $11 60. Qb8+ Kc5 {( -> ...Qf2+)} 61. Re2 Qd3 (61... Qc3 $11) 62. Rb2 $16 {Hoping for Qb4+.} Qc3 (62... Qe4 $16 63. Qf8+ Re7) 63. Qb6+ $2 ({Only move:} 63. Qf8+ $18 Kc4 64. Qf2) 63... Kd6 $1 $11 64. Qf2 Rf7 $2 {[%mdl 8192]} (64... Kc7 $11) 65. Rd2+ $18 Ke7 66. Qe2+ $2 (66. Qe1+ {mates} Kf6 67. Rd6+ {[%mdl 64] Discovered Attack} Kg7 68. Qxc3+ Kg8 69. Rd8+ Rf8 70. Rd7 Rf2+ 71. Kg1 Rf7 72. Qc4 Kh8 73. Qxf7 h6 74. Qh7#) 66... Kf8 $11 67. Rc2 Qf6 68. Qg2 Kg7 69. Rxc6 {Accuracy: White = 53%, Black = 40%.} 1/2-1/2

[Event "Lozovatsky Memorial-A 2019"]
[Site "Chelyabinsk"]
[Date "2019.01.14"]
[Round "3.4"]
[White "Drygalov, Sergey"]
[Black "Sivuk, Vitaly"]
[Result "1-0"]
[WhiteElo "2442"]
[BlackElo "2552"]
[Annotator "TA"]
[PlyCount "143"]
[EventDate "2019.01.12"]
[EventType "tourn"]
[EventCountry "RUS"]
[SourceTitle "playchess.com"]
[Source "ChessBase"]
[SourceQuality "1"]

{[%evp 16,143,7,0,0,0,20,-64,-54,-75,-70,-83,-37,-38,-27,-27,0,0,-5,-30,-28,-30,-30,-27,-32,-28,-26,-46,-53,-82,-28,-12,-16,-43,-46,-52,0,0,0,-62,-9,-33,26,-13,29,-6,-14,-18,-18,-33,-37,-45,-32,-27,-43,-27,10,-44,-41,-58,-62,-63,-48,-62,-57,-66,-63,-58,-51,-55,-62,-63,-26,-37,-11,-70,-81,-79,-87,-182,-172,-162,-167,-164,-145,-1187,-862,-1296,-906,-4725,-2012,-29972,-29973,-29972,-29973,-29975,-29976,-29975,-29977,-29977,-29978,-29977,-29979,-29978,-29979,-29979,-29978,-29973,0,0,29972,29973,29972,29972,29974,29975,29976,29977,29976,29978,29978,29979,29983,29978,29977,29977,29977,29977,29981,29982]} 1. d4 d5 2. Nf3 Nf6 3. c4 c6 4. e3 Bf5 5. Nc3 a6 6. Qb3 b5 {D15: Slav Defence: 4 Nc3 a6 and gambit lines after 4 Nc3 dxc4} 7. cxd5 (7. c5 a5 8. Nh4 Bc8 9. f4 g6 10. Bd3 Nh5 11. Nf3 Bf5 12. e4 a4 13. Qc2 dxe4 14. Bxe4 Bxe4 15. Nxe4 {0-1 (53) Gelfand,B (2703)-Grandelius,N (2655) Batumi 2018}) 7... cxd5 8. a4 b4 9. Na2 {LiveBook: 6 Games} Nc6 10. Bd2 e6 11. Qd1 (11. a5 $1 $11) 11... Bd6 12. Be2 $146 ({Predecessor:} 12. Nc1 O-O 13. Nd3 Ne4 14. Be2 {½-½ (70) Buitrago,J (2031)-Malakhovets,S (1926) Neiva 2017}) 12... O-O 13. O-O Qb6 14. Nh4 Be4 15. f3 Bc2 (15... Bg6 $5) 16. Qxc2 b3 17. Qd3 {And now Nc1 would win.} bxa2 18. Rxa2 g5 19. Nf5 exf5 20. Qxf5 Be7 21. Qxg5+ Kh8 {White must now prevent ...Qb3.} 22. Bc3 Qb3 (22... Rg8 $17 23. Qf5 Rg6) 23. Raa1 $11 Qc2 24. Rfe1 Rg8 25. Bd1 {Hoping for Qxg8+!} Rxg5 (25... Qg6 $15 26. Qxg6 hxg6) 26. Bxc2 Nb4 27. Re2 ({White should play} 27. Bb1 $11) 27... a5 (27... Nxc2 $15 28. Rxc2 Rg6) 28. Rd1 Rag8 (28... Nxc2 $15 29. Rxc2 Rg6) 29. Bb3 Bd6 30. Be1 Rf5 31. Rf2 h5 32. Rf1 Rfg5 $36 {[%mdl 2048] White is under pressure.} 33. Rd2 R5g6 34. Bc2 Nxc2 35. Rxc2 Bb4 36. Bg3 ({Better is} 36. Bxb4 $11 axb4 37. g3) 36... Ne8 $15 37. b3 Nd6 38. Bf4 Kh7 39. g3 Re6 40. Rc6 Rge8 41. Rfc1 Nf5 42. Rxe6 Rxe6 43. Rc7 Kg8 44. Kf2 Bd2 {[%cal Rf5e3]} 45. Rc2 (45. Rc5 $1 $11) 45... Bxe3+ 46. Bxe3 Rxe3 {[%mdl 4096] Endgame KRN-KR} ({Much weaker is} 46... Nxe3 47. Rc5 $11) 47. Rc8+ (47. Rc5 $17 {was necessary.} Rxb3 48. Rxd5 Rb2+ 49. Ke1) 47... Kg7 $19 48. g4 hxg4 49. fxg4 Ne7 50. Kxe3 $4 {[%mdl 8192]} (50. Rc7 $17 Re4 51. h3) 50... Nxc8 $17 {KN-KP} 51. h4 Ne7 52. b4 axb4 53. a5 Nc6 54. a6 Kg6 55. Kd2 f5 $1 {[%cal Rf5g4]} 56. gxf5+ Kxf5 {KN-K3P} 57. Kc1 Kg4 $1 {[%cal Rg4h4]} ({And not} 57... Ke4 58. h5 $11) 58. Kb2 Kxh4 {KN-KPP} 59. Kb3 Kg5 60. Ka4 Kf5 61. Kb5 {[#]} Nxd4+ $2 (61... Na7+ $1 {mates} 62. Kxb4 Ke4 63. Kc3 Nc6 64. Kc2 Nb4+ 65. Kb3 Nxa6 66. Kc3 Ke3 67. Kc2 Kxd4 68. Kd2 Nc5 69. Ke2 Kc3 70. Kf3 d4 71. Kg4 d3 72. Kf3 d2 73. Ke2 Nd3 74. Kd1 Nb2+ 75. Ke2 d1=Q+ 76. Kf2 Qg4 77. Kf1 Nd1 78. Ke1 Qc4 79. Kxd1 Qf1#) 62. Kxb4 $11 {Strongly threatening Kc5. KN-KP} Ke5 $2 {[%mdl 8192]} (62... Ne6 $11) 63. Kc5 {White mates.} Ne6+ {[#]} 64. Kc6 $1 Nd8+ 65. Kb6 d4 66. a7 d3 67. a8=Q Ne6 68. Qf3 Kd4 69. Qg4+ Ke5 70. Qc4 Nf4 71. Kc5 Kf5 72. Kd4 {Precision: White = 40%, Black = 60%.} 1-0

[Event "Lozovatsky Memorial-A 2019"]
[Site "Chelyabinsk"]
[Date "2019.01.14"]
[Round "3.5"]
[White "Tosic, Miroslav"]
[Black "Slizhevsky, Alexander"]
[Result "0-1"]
[WhiteElo "2360"]
[BlackElo "2428"]
[Annotator "TA"]
[PlyCount "80"]
[EventDate "2019.01.12"]
[EventType "tourn"]
[EventCountry "RUS"]
[SourceTitle "playchess.com"]
[Source "ChessBase"]
[SourceQuality "1"]

{[%evp 13,80,41,25,-35,-50,-30,-16,-35,-33,-44,-51,-83,-40,-51,-47,-49,-41,-58,-37,-114,-104,-113,-101,-129,-114,-101,-120,-133,-96,-138,-103,-117,-103,-145,-45,-130,-72,-69,-59,-123,-97,-209,-59,-156,-159,-160,-164,-193,-184,-237,-171,-177,-160,-275,-244,-384,-354,-366,-360,-501,-486,-497,-497,-487,-477,-1125,-1115,-29981,-29982]} 1. d4 Nf6 2. Nf3 g6 3. g3 Bg7 4. Bg2 d5 5. O-O O-O 6. c4 dxc4 7. Na3 c3 {LiveBook: 895 Games. D77: Fianchetto Grünfeld: 6 0-0: Replies other than 6...c6} 8. Nb5 $146 (8. bxc3 $11 Nc6 9. Bf4) ({Predecessor:} 8. bxc3 c5 9. Re1 Nc6 10. Bb2 Nd5 11. Qc2 cxd4 12. Nxd4 Nf6 13. Nxc6 bxc6 14. c4 Bf5 15. Qc1 Qc7 16. Nc2 Rab8 {1-0 (39) Mamedyarov,S (2809)-Grischuk,A (2767) Berlin 2018}) 8... cxb2 $15 9. Bxb2 Nd5 {Black has an edge.} 10. Ne5 c6 11. Na3 Nd7 12. Nac4 N5b6 13. Qc2 Nxe5 14. Nxe5 Be6 15. Rfd1 Qc7 16. a4 (16. Nd3 $15) 16... Bxe5 $17 17. dxe5 Nc4 18. Bc3 Rad8 19. Qe4 Rxd1+ 20. Rxd1 Rd8 21. Rd3 Qb6 22. h4 h5 23. Kh2 Qc7 (23... Rxd3 $17 24. exd3 Nb2) 24. Bf3 (24. Qf4 $1 $15) 24... Nb6 (24... Rxd3 $142 25. exd3 Bd5) 25. Rxd8+ Qxd8 26. Qb4 {[#]} ({White should try} 26. a5 $15 Nd5 27. Bd2) 26... c5 $1 {[%mdl 512]} 27. Qa5 (27. Qxc5 $17 {was necessary.} Nxa4 28. Qd4 Qxd4 29. Bxd4) 27... Qb8 (27... Qd1 $19 {aiming for ...Qf1.} 28. Qxc5 Nxa4) 28. Ba1 (28. Qb5 $15) 28... Nd7 29. Qb5 b6 30. Bd5 {Black must now prevent Bxe6.} a6 $36 {[%mdl 2048] Black is in control.} ({But not} 30... Bxd5 31. Qxd7 Be6 32. Qxe7) ({Not} 30... Nxe5 31. Bxe6 fxe6 32. Bxe5 $11) 31. Qb3 (31. Qd3 $142 Nxe5 32. Qe4 Ng4+ 33. Kg1 Bxd5 34. Qxd5) 31... Bxd5 32. Qxd5 {Strongly threatening e6.} Nf8 33. f4 (33. a5 $17) 33... Ne6 34. Bc3 (34. e4 $142) 34... Qe8 35. a5 bxa5 36. e4 Qa4 37. f5 gxf5 38. exf5 Qc2+ {[%mdl 64] [#] Double Attack} 39. Kg1 (39. Qd2 $142 Qxf5 40. Bxa5) 39... Qxc3 $19 40. fxe6 Qd4+ {Accuracy: White = 21%, Black = 36%.} 0-1

[Event "Lozovatsky Memorial-A 2019"]
[Site "Chelyabinsk"]
[Date "2019.01.15"]
[Round "4.1"]
[White "Gutenev, Alexander"]
[Black "Slizhevsky, Alexander"]
[Result "1/2-1/2"]
[WhiteElo "2456"]
[BlackElo "2428"]
[Annotator "TA"]
[PlyCount "100"]
[EventDate "2019.01.12"]
[EventType "tourn"]
[EventCountry "RUS"]
[SourceTitle "playchess.com"]
[Source "ChessBase"]
[SourceQuality "1"]

{[%evp 16,100,25,18,97,97,118,57,54,27,69,58,83,77,89,52,63,45,45,44,61,66,64,56,59,64,69,66,68,45,45,39,50,33,43,26,27,27,26,25,26,25,25,24,25,25,48,48,48,49,56,41,43,49,49,35,62,58,58,58,58,51,79,79,79,79,79,79,79,79,79,79,79,79,79,79,79,79,79,79,79,79,79,79,79,79,79]} 1. e4 c5 2. Nc3 a6 3. Nf3 d6 4. d4 cxd4 5. Nxd4 Nf6 6. h3 e5 7. Nb3 Be6 {B90: Sicilian Najdorf: Unusual White 6th moves, 6 Be3 Ng4 and 6 Be3 e5} 8. f4 g6 (8... exf4 9. Bxf4 Nc6 10. Qe2 Be7 11. O-O-O Qc7 12. g4 O-O 13. g5 Nd7 14. Nd5 Bxd5 15. exd5 {1-0 (36) Safarli,E (2667)-Papaioannou,I (2647) Rio Achaea 2018}) 9. Qf3 {LiveBook: 4 Games} exf4 (9... d5 $11 {remains equal.}) 10. Bxf4 $16 Nh5 $146 {[#]} ({Predecessor:} 10... Nbd7 11. O-O-O Qc7 12. Nd5 Bxd5 13. exd5 Bg7 14. Re1+ Ne5 15. Bxe5 dxe5 {0-1 (41) Spyropoulos,N (2293)-Gordon,S (2539) Paleochora 2018}) 11. Be3 (11. Bh2 $1 $16) 11... Nc6 $14 12. O-O-O Qf6 13. Be2 Ne5 14. Qxf6 Nxf6 15. Bg5 Be7 16. Bxf6 Bxf6 17. Rxd6 Be7 18. Rdd1 Rc8 19. Nd5 Bd8 20. Nd4 O-O 21. Rhf1 Kg7 22. Nxe6+ fxe6 23. Nf4 Bg5 24. g3 Rf6 25. Kb1 Rcf8 {[%cal Rg5f4]} 26. Nd3 Rxf1 27. Rxf1 Rxf1+ 28. Bxf1 Nxd3 29. Bxd3 $11 {[%mdl 4096] Endgame KB-KB} Kf6 30. c3 Bd2 31. Kc2 Be1 32. g4 Ke5 33. Bc4 h5 34. gxh5 gxh5 35. Kd3 h4 36. b4 b5 37. Bb3 Kd6 38. a4 {[%cal Ba2a4,Ba4a5][%mdl 32]} e5 39. a5 {White is better.} Kc7 40. Bd5 Kb8 41. Kc2 Ka7 42. Kb3 Bd2 43. Be6 Kb7 44. c4 bxc4+ 45. Kxc4 Be1 46. Bd5+ Kc7 47. Ba8 Bd2 48. Kc5 Bc3 49. Bd5 Bd2 50. Bc4 Kb7 {Accuracy: White = 74%, Black = 60%.} 1/2-1/2

[Event "Lozovatsky Memorial-A 2019"]
[Site "Chelyabinsk"]
[Date "2019.01.15"]
[Round "4.2"]
[White "Sivuk, Vitaly"]
[Black "Tosic, Miroslav"]
[Result "1-0"]
[WhiteElo "2552"]
[BlackElo "2360"]
[Annotator "TA"]
[PlyCount "41"]
[EventDate "2019.01.12"]
[EventType "tourn"]
[EventCountry "RUS"]
[SourceTitle "playchess.com"]
[Source "ChessBase"]
[SourceQuality "1"]

{[%evp 18,41,63,31,74,64,93,52,102,31,158,126,149,86,331,333,302,310,466,446,618,638,639,631,594,579]} 1. e4 c5 2. Nf3 Nc6 3. d4 cxd4 4. Nxd4 e6 5. Nc3 d6 6. g4 a6 7. Be3 Nge7 8. Nb3 b5 {B54: Sicilian: 2...d6 3 d4 cxd4 4 Nxd4, Unusual Lines} 9. f4 Bb7 10. Qd2 {LiveBook: 20 Games} (10. Qe2 Na5 11. Nd2 Rc8 12. Qf2 Nec6 13. O-O-O Be7 14. h4 O-O 15. h5 Qd7 16. g5 {0-1 (37) Volokitin,A (2624)-Svidler,P (2759) Almaty 2016}) 10... Nc8 {White is slightly better.} 11. O-O-O Be7 12. Qf2 Qc7 $146 ({Predecessor:} 12... b4 13. Na4 Qc7 14. Kb1 Rb8 15. Bg2 Na5 16. Nb6 Nxb3 17. cxb3 Nxb6 18. Bxb6 Qxb6 19. Qxb6 Bxe4+ 20. Bxe4 Rxb6 {½-½ (61) Schwarhofer,C (2310)-Sardy,P (2337) Austria 2014}) 13. Bg2 ({Better is} 13. a3 $16) 13... Na5 (13... b4 $14 14. Na4 a5) 14. Nxa5 $16 Qxa5 15. e5 (15. Kb1 $142) 15... Rb8 $2 {[#]} (15... Qc7 $16) 16. exd6 $1 $18 Bxd6 {[#]} 17. Rxd6 $1 {[%mdl 512]} Bxg2 (17... Nxd6 $142 18. Bb6 Qb4) 18. Qxg2 {White is clearly winning.} Nxd6 19. Qc6+ Ke7 20. Bc5 Rhd8 21. Rd1 {Precision: White = 54%, Black =  8%.} 1-0

[Event "Lozovatsky Memorial-A 2019"]
[Site "Chelyabinsk"]
[Date "2019.01.15"]
[Round "4.3"]
[White "Bezgodov, Alexei"]
[Black "Drygalov, Sergey"]
[Result "1-0"]
[WhiteElo "2441"]
[BlackElo "2442"]
[Annotator "TA"]
[PlyCount "69"]
[EventDate "2019.01.12"]
[EventType "tourn"]
[EventCountry "RUS"]
[SourceTitle "playchess.com"]
[Source "ChessBase"]
[SourceQuality "1"]

{[%evp 15,69,0,0,-22,-20,-15,-25,-17,-22,-34,-33,-41,47,33,28,38,38,25,68,52,147,149,167,188,402,398,463,461,444,439,840,876,827,308,355,290,288,270,403,394,502,501,511,529,521,514,512,498,482,457,642,638,831,714,903,881]} 1. e4 c5 2. Nf3 d6 3. d4 cxd4 4. Nxd4 Nf6 5. Nc3 a6 6. Bc4 e6 7. a3 Be7 8. Ba2 O-O {LiveBook: 44 Games} 9. g4 {B86: Sicilian Scheveningen/Najdorf: 6 Bc4, without early ...b5} d5 10. exd5 Nxd5 11. Nxd5 {Black has an edge.} exd5 12. Nf5 (12. Be3 Nc6 13. Qe2 Nxd4 14. Bxd4 Re8 15. O-O-O Bg5+ 16. Be3 Bxe3+ 17. fxe3 {1-0 (29) Amonatov,F (2620)-Vachier Lagrave,M (2804) Doha 2016}) 12... Bxf5 13. gxf5 {[#]} Bc5 $146 ({Black should play} 13... Nc6 $15) ({Predecessor:} 13... d4 14. Qg4 Bf6 15. O-O Nd7 16. Bd2 Rc8 {½-½ (37) Shirazi,K (2372)-Yilmaz,M (2536) Golden Sands 2012}) 14. O-O $14 Nc6 15. Qxd5 Qh4 16. Kh1 Rae8 ({Much weaker is} 16... Bxf2 $6 17. f6 $1 $16 {[%mdl 512]}) 17. Qg2 $1 Nd4 {[#]} (17... Be7 $14) 18. Bg5 $1 $16 {[%cal Rg5h4]} Qh5 {[#]} 19. Rad1 $1 $40 {[%mdl 128] Hoping for Bf6. White is out for blood.} Kh8 $2 (19... Qf3 20. Rg1 Qxf5) 20. Be3 $18 Rxe3 21. fxe3 Nc6 22. f6 {[%csl Gf6][%cal Rg2g7]} g5 (22... Qg6 $142 23. fxg7+ Qxg7 24. Qxg7+ Kxg7) 23. Rd5 Bxe3 24. Qf3 $2 (24. Qg3) 24... Qxf3+ 25. Rxf3 Bf4 26. Rb3 h6 (26... b5 {is a better defense.} 27. Rc3 Ne5) 27. Rxb7 Kh7 28. Rc5 {White is clearly winning.} Ne5 29. Re7 Ng4 30. Rxf7+ Rxf7 31. Bxf7 Nxf6 32. Bc4 h5 (32... Kg7 $142 33. Bxa6 Nd7) 33. Bxa6 Bc1 34. a4 {[%cal Ba3a4,Ba4a5][%mdl 32]} g4 35. a5 {Accuracy: White = 71%, Black = 20%.} 1-0

[Event "Lozovatsky Memorial-A 2019"]
[Site "Chelyabinsk"]
[Date "2019.01.15"]
[Round "4.4"]
[White "Korneev, Oleg"]
[Black "Drygalov, Andrey"]
[Result "1/2-1/2"]
[WhiteElo "2545"]
[BlackElo "2485"]
[Annotator "TA"]
[PlyCount "51"]
[EventDate "2019.01.12"]
[EventType "tourn"]
[EventCountry "RUS"]
[SourceTitle "playchess.com"]
[Source "ChessBase"]
[SourceQuality "1"]

{[%evp 26,51,59,64,64,64,63,64,68,60,75,43,70,31,41,11,20,14,21,17,21,9,6,8,27,-30,11,16]} 1. e4 c5 2. Nf3 d6 3. d4 cxd4 4. Nxd4 Nf6 5. Nc3 a6 6. Be3 e5 7. Nf3 Be7 8. Bc4 {[%cal Bf1c4,Bc4b3,Bb3d5][%mdl 32]} O-O 9. O-O Be6 10. Qe2 {B90: Sicilian Najdorf: Unusual White 6th moves, 6 Be3 Ng4 and 6 Be3 e5} b5 11. Bb3 Qc7 12. Rfd1 Nc6 {[%cal Bb8c6,Bc6a5,Ba5c4][%mdl 32]} 13. Bg5 Na5 14. Bxf6 {LiveBook: 3 Games} Bxf6 15. Nd5 Bxd5 16. Bxd5 Rab8 17. c3 Nc4 {[#]} 18. g3 $146 ({Predecessor:} 18. h4) 18... Nb6 19. h4 Be7 20. Nh2 {[%cal Bf3h2,Bh2g4,Bg4e3][%mdl 32]} Nxd5 21. Rxd5 f5 22. exf5 Rxf5 23. Ng4 {Hoping for Nh6+!} Rbf8 $1 24. Rf1 $1 Qc8 25. Kg2 (25. Rd3 $142) 25... Qa8 26. Ne3 1/2-1/2

[Event "Lozovatsky Memorial-A 2019"]
[Site "Chelyabinsk"]
[Date "2019.01.15"]
[Round "4.5"]
[White "Simantsev, Mikhail"]
[Black "Khanin, Semen"]
[Result "1-0"]
[WhiteElo "2401"]
[BlackElo "2514"]
[Annotator "TA"]
[PlyCount "134"]
[EventDate "2019.01.12"]
[EventType "tourn"]
[EventCountry "RUS"]
[SourceTitle "playchess.com"]
[Source "ChessBase"]
[SourceQuality "1"]

{[%evp 16,134,0,0,72,77,80,70,89,88,103,122,145,97,147,89,89,109,105,91,84,71,74,71,88,79,113,79,129,97,104,87,97,99,91,107,94,91,110,0,0,0,0,0,0,-8,-6,-6,0,-12,0,0,-7,-7,274,274,274,274,274,274,274,274,315,310,356,356,373,373,373,360,363,376,512,375,1005,942,1414,1068,1306,995,1810,1810,1705,1709,967,1658,1821,1821,1810,1810,1777,1716,1724,1709,1810,1720,1716,1702,1695,1687,1687,1682,1651,1658,1626,1084,1678,566,2080,2023,29965,29968,29974,29976,29974,29974,29983,29984,29985,29985,29984]} 1. d4 Nf6 2. c4 e6 3. Nf3 Bb4+ 4. Nbd2 O-O 5. a3 Be7 6. e3 c5 7. Bd3 {E11: Bogo-Indian} (7. dxc5 a5 8. e4 Nc6 9. e5 Ng4 10. Ne4 b6 11. Bf4 f6 12. exf6 Nxf6 13. Nxf6+ Bxf6 14. Bd6 Bxb2 {½-½ (37) Nguyen,N (2634)-Tomashevsky,E (2758) Baku 2015}) 7... b6 8. d5 exd5 9. cxd5 {LiveBook: 4 Games. The position is equal.} b5 $146 (9... Nxd5 $11 10. Be4 Nc7) ({Predecessor:} 9... Nxd5 10. Be4 Bb7 11. Qb3 c4 12. Nxc4 Na6 13. Qd1 Nc3 14. Bxh7+ Kxh7 15. bxc3 {0-1 (26) Lupulescu,C (2648)-Womacka,M (2455) Caleta 2012}) 10. e4 $16 c4 11. Bc2 d6 12. O-O Ba6 13. Nd4 Re8 14. Re1 Bf8 15. N2f3 (15. b4 $142) 15... g6 16. Bg5 Bg7 17. Qd2 Qb6 18. b4 cxb3 19. Nxb3 Nbd7 20. Be3 Qc7 21. Rac1 Nb6 22. Qa5 Qb7 23. Nbd2 Rac8 24. Bd3 Rxc1 25. Rxc1 {[#] Rc6 is the strong threat.} Nc4 26. Nxc4 bxc4 27. Bxc4 (27. Rb1 $16 Qc8 28. Bf1) 27... Bxc4 $11 28. Rxc4 Qb1+ 29. Rc1 Qxe4 30. Bxa7 Ra8 {Hoping for ...Qe7.} 31. Qc7 Qxd5 32. Bd4 Ne4 33. Bxg7 Kxg7 34. Qc2 Rxa3 $2 {[%mdl 8192]} (34... Qb7 $11 {and Black has nothing to worry.}) 35. Qb2+ $18 Rc3 {[#] aiming for ...Qa2!} 36. Re1 $1 Qb3 37. Qxb3 Rxb3 38. Rxe4 {[%mdl 4096] Endgame KRN-KR} d5 39. Re3 Rb2 40. h4 h6 41. Re5 Rb1+ 42. Kh2 Rd1 43. g4 Kf6 44. Kg3 Rd3 $2 (44... Rg1+ 45. Kf4 Rf1 46. g5+ Kg7) 45. g5+ hxg5 46. hxg5+ Kg7 47. Kf4 Kf8 48. Nh2 Rd4+ 49. Kg3 Rd3+ 50. f3 Ra3 51. Rxd5 Ke7 52. Ng4 Ra7 53. Re5+ Kd6 54. Re3 Rb7 55. Nh6 Ra7 56. f4 Kd5 57. Kg4 Rb7 58. Re8 Ra7 59. Re1 Rb7 60. Ra1 Ke6 61. Ra4 Ke7 62. f5 gxf5+ 63. Nxf5+ {White mates.} Ke6 64. Re4+ Kd5 65. Re7 Rxe7 66. Nxe7+ Ke6 67. Nf5 Kd5 {Accuracy: White = 72%, Black = 38%.} 1-0